Just Java 2

Αποθηκεύτηκε σε:
Λεπτομέρειες βιβλιογραφικής εγγραφής
Κύριος συγγραφέας: Van der Linden, Peter
Μορφή: Βιβλίο
Γλώσσα:Undetermined
Έκδοση: Upper Saddle River, NJ Sun Microsystems Press 2002
Θέματα:
Ετικέτες: Προσθήκη ετικέτας
Δεν υπάρχουν, Καταχωρήστε ετικέτα πρώτοι!
Thư viện lưu trữ: Trung tâm Học liệu Trường Đại học Cần Thơ
LEADER 00584nam a2200193Ia 4500
001 CTU_184355
008 210402s9999 xx 000 0 und d
020 |c 4.26 
082 |a 005.13 
082 |b V217 
100 |a Van der Linden, Peter 
245 0 |a Just Java 2 
245 0 |c Peter van der Linden 
260 |a Upper Saddle River, NJ 
260 |b Sun Microsystems Press 
260 |c 2002 
650 |a Java 2,Java (Computer program language),Java (Ngôn ngữ chương trình máy tính) 
904 |i Thơ 
980 |a Trung tâm Học liệu Trường Đại học Cần Thơ